ბათუმის შოთა რუსთაველის სახელმწიფო უნივერსიტეტის ბიბლიოთეკა

სერგი ჯიქია : (ბიბ.ჩანაწერი № 37775)

000 -ლიდერი
ფიქსირებული სიგრძის საკონტროლო ველი 01364nam a2200241Ia 4500
001 - საკონტროლო ნომერი
საკონტროლო ველი 3752
003 - საკონტროლო ნომრის იდენტიფიკატორი
საკონტროლო ველი GE_BSU
005 - ბოლო ოპერაციის თარიღი და დრო
საკონტროლო ველი 20190813152352.0
008 - ფიქსირებული სიგრძის მონაცემთა ელემენტები - ზოგადი ინფორმაცია
ფიქსირებული სიგრძის საკონტროლო ველი 181216s1984||||ge |||||||||||||| ||geo||
040 ## - კატალოგიზაციის წყარო
Transcribing agency GE_BSU
041 ## - ენის კოდი
Language code of text/sound track or separate title geo
080 ## - უნივერსალური ათობითი კლასიფიკაციის ინდექსი
Universal Decimal Classification number 016:80 ჯ–54
245 ## - ცნობა სათაურის შესახებ
Title სერგი ჯიქია :
Remainder of title ბიობიბლიოგრაფია /
Statement of responsibility, etc საქ. სსრ მეცნ. აკად., ცენტრ. სამეც. ბიბ-კა ; შემდგ. ი. დუდუჩავა ; რედ.: თ. გამყრელიძე, ს. ხადური ; ბიბლიოგრ. რედ. თ. ნაკაშიძისა ; წინასიტყვ. ავტ. ცისანა აბულაძე
264 ## - წარმოების, გამოცემის, დისტრიბუციის და სხვა ცნობები
გამოცემის, წარმოების, დისტრიბუციის... ადგილი თბილისი :
გამოცემის, წარმოების, დისტრიბუციის... სახელწოდება მეცნიერება,
გამოცემის, წარმოების, დისტრიბუციის... თარიღი 1984.
300 ## - ფიზიკური აღწერა
Extent 142 გვ. ;
Other physical details 21 სმ.
600 ## - SUBJECT ADDED ENTRY--PERSONAL NAME
Personal name ჯიქია სერგი
9 (RLIN) 3544
653 ## - INDEX TERM--UNCONTROLLED
Uncontrolled term ჯიქია, სერგი-ბიობიბლიოგრაფია
653 ## - INDEX TERM--UNCONTROLLED
Uncontrolled term თურქოლოგია - ბიბლიოგრაფია
700 ## - ADDED ENTRY--PERSONAL NAME
Personal name დუდუჩავა, ი.
Relator term შემდგენელი
9 (RLIN) 3545
700 ## - ADDED ENTRY--PERSONAL NAME
Personal name გამყრელიძე, თ.
Relator term რედაქტორი
9 (RLIN) 3546
700 ## - ADDED ENTRY--PERSONAL NAME
Personal name ხადური, ს.
Relator term რედაქტორი
9 (RLIN) 3547
942 ## - ADDED ENTRY ELEMENTS (KOHA)
Koha item type წიგნი
Source of classification or shelving scheme
ეგზემპლარები
ჩამოწერის სტატუსი დაკარგული ეგზემპლარის სტატუსი კლასიფიკაციის წყარო ან თაროზე გაწყობის სქემა დაზიანების სტატუსი არ გაიცემა მუდმივი მდებარეობა (დაცვის ადგილი) ამჟამინდელი ადგილსამყოფელი თაროზე განთავსების ადგილი შეძენის თარიღი ღირებულება, შესყიდვის ნორმალური ფასი სრული შენახვის შიფრი შტრიხკოდი ბოლო ოპერაციის თარიღი ეგზემპლარის მიმდევრობითი ნომერი (კეტერი?) ფასის ძალაში შესვლის თარიღი ეგზემპლარის სახეობა საჯარო შენიშვნა
          ბათუმის შოთა რუსთაველის სახელმწიფო უნივერსიტეტის მთავარი ბიბლიოთეკა ბათუმის შოთა რუსთაველის სახელმწიფო უნივერსიტეტის მთავარი ბიბლიოთეკა წიგნსაცავი 2018-12-17 2.20 016:80 ჯ–54 5392 2018-12-17 5392 2018-12-17 წიგნი 2 ლ. 20 თ.